Thurzovci a Levoča

Príslušník rodu Thurzovcov. Otec Juraj. Mal piatich synov. Veľkopodnikateľ, založil v r.1465 filiálku rodinnej firmy v Krakove

Bibliographic Details
Format: Article
Language:Slovak
Subjects:

MARC

LEADER 00000nab a2200000 a 4500
001 vtls001441160
003 SK-MaSNL
005 20260303080601.0
008 020920sm y0sloyxo 0 slo
015 |a BIOBB2002/02-00442 
035 |a SNK000396342 
040 |a SNK  |b slo  |c SNK  |e AACR2 
041 0 |a slo 
044 |a xo  |c SK 
245 0 0 |a Thurzovci a Levoča  |c Marián Skladaný 
520 |a Príslušník rodu Thurzovcov. Otec Juraj. Mal piatich synov. Veľkopodnikateľ, založil v r.1465 filiálku rodinnej firmy v Krakove 
600 1 7 |a Turzo, Ján,  |d 1437-1508  |2 SNK 
655 7 |a články zo zborníkov  |2 SNK  |9 166140 
655 7 |a biografické heslá  |2 snkbucl  |9 368942 
774 0 |w SK01SNK20020391976  |z ISBN 80-85167-12-3  |t Pohľady do minulosti  |d Levoča : Spišské múzeum : Kultúrne a informačné centrum, 2001  |g S.62-78 
850 |a Slovenská národná knižnica v Martine 
971 |e 14370430  |f 15080000  |g Levoča (Slovensko)  |i obchodník 
971 |i kupec 
975 |a Thurzo  |b Juraj  |k otec 
975 |a Thurzo  |b Juraj  |e 14670000  |f 15210000  |i podnikateľ  |k syn 
975 |a Tesznarová  |b Marta  |j Thurzová  |k sestra 
975 |a Thurzo  |b Teofil  |i kastelán  |k brat 
999 |c 1781061  |d 1782991